000 00897nas a2200265 4500
001 BR0801286
003 BR-BrBNA
005 20231205111639.0
007 ta
008 230509b bl.|||p| |||| 00| 00por d
040 _aBR-BrBNA
_bpor
_cBiblioteca Nacional de Agricultura
041 _a(Pt)
072 _aL02
100 1 _aGomes, V.S. da M.
100 1 _aAlves, V.S.
100 1 _aRibeiro, J.R.I.
245 1 _aÍtens alimentares encontrados em amostras de regurgitação de Pyriglena leucoptera (Vieillot)(Aves, Thamnophilidae)em uma floresta secundária no Estado do Rio de Janeiro
650 _aAVE SELVAGEM
650 _aNUTRIÇÃO ANIMAL
650 _aFLORESTA
650 _aRIO DE JANEIRO
773 0 _tRevista Brasileira de Zoologia (Brazil)
_xISSN 0101-8175
_g(Dec 2001), v. 18(4) p. 1073-1079
_wBR0801286
909 _a202311
_bLúcia
_c55
_dLúcia Elande
942 _2AGRIS
_n0
_cANA
999 _c193740
_d193740